Microsoft Teams (Record no. 18165)

MARC details
000 -LEADER
fixed length control field 00348nam a2200145Ia 4500
008 - FIXED-LENGTH DATA ELEMENTS--GENERAL INFORMATION
fixed length control field 230312s9999||||xx |||||||||||||| ||und||
020 ## - INTERNATIONAL STANDARD BOOK NUMBER
International Standard Book Number 9781119476214
082 ## - DEWEY DECIMAL CLASSIFICATION NUMBER
Classification number 658.872
Item number DIA-F
100 ## - MAIN ENTRY--PERSONAL NAME
Personal name Withee,Rosemarie
245 #0 - TITLE STATEMENT
Title Microsoft Teams
260 ## - PUBLICATION, DISTRIBUTION, ETC.
Name of publisher, distributor, etc. Wiley
Place of publication, distribution, etc. USA
Date of publication, distribution, etc. 2018
300 ## - PHYSICAL DESCRIPTION
Extent 368
650 ## - SUBJECT ADDED ENTRY--TOPICAL TERM
Topical term or geographic name entry element Computer
Form subdivision Marketing viral
942 ## - ADDED ENTRY ELEMENTS (KOHA)
Koha item type BOOK

No items available.

Powered by Koha